Statistics for Countries with One or More "Top 100" Soccer Club

Click here to take the quiz!

General Stats

  • This quiz has been taken 4,278 times
  • The average score is 14 of 23

Answer Stats

#Country% Correct
10Spain
98%
8England
97%
8Germany
97%
2France
95%
8Italy
95%
13Brazil
91%
6Argentina
88%
3Portugal
88%
1Netherlands
81%
1Belgium
74%
9Mexico
70%
1Turkey
57%
4China
53%
2Colombia
51%
1Denmark
50%
2Egypt
38%
5South Korea
35%
1Czechia
34%
1South Africa
29%
1Paraguay
18%
1Israel
13%
1Monaco
9%
1Cyprus
6%

Score Distribution

Percentile by Number Answered

Percent of People with Each Score

Your Score History

You have not taken this quiz